[Event "SVK-ch U16/20 Girls"]
[Site "Stara Lubovna"]
[Date "2021.06.26"]
[Round "1"]
[White "Khovpei, Oleksandra"]
[Black "Striskova, Lucia"]
[Result "0-1"]
[WhiteElo "1352"]
[BlackElo "1775"]
[PlyCount "58"]
[EventDate "2021.06.26"]
[EventType "swiss"]
[EventRounds "9"]
[EventCountry "SVK"]
[SourceTitle "CBM 203 Extra"]
[Source "ChessBase"]
[SourceDate "2021.09.30"]
[SourceVersion "1"]
[SourceVersionDate "2021.09.30"]
[SourceQuality "1"]

1. e4 e5 2. Nf3 Nc6 3. Bc4 Nf6 4. Ng5 d5 5. exd5 Na5 6. Bb5+ Bd7 7. Bxd7+ Qxd7 8. 0-0 0-0-0 9. Nc3 h6 10. Nf3 Nxd5 11. Nxe5 Qf5 12. d4 Nb4 13. Be3 Bd6 14. Nd3 Nxd3 15. cxd3 Nc6 16. d5 Qe5 17. g3 Ne7 18. Qf3 f5 19. Rfe1 Qf6 20. Nb5 a6 21. Nxd6+ Qxd6 22. Bf4 Qxd5 23. Qe3 Nc6 24. Rac1 g5 25. Rxc6 Qxc6 26. Be5 Rhe8 27. d4 f4 28. Qd2 Qd5 29. Rc1 Rxe5 0-1